000 00309nam a22001337a 4500
008 170814b xxu||||| |||| 00| 0 eng d
020 _a9781401858032
041 _aeng
080 _a51
100 _a36
101 _aMAT
245 _aMATH FOR HEALTH CARE PROFESSIONALS
_cKENNAMER.M
942 _2udc
_cBK
999 _c23327
_d23327